| 000 | 00870nam a22003017a 4500 | ||
|---|---|---|---|
| 003 | CHAP | ||
| 005 | 20220329133805.0 | ||
| 008 | 120518s2011 r 00010 d | ||
| 010 | _a10947 | ||
| 011 | _a11919 | ||
| 020 | _a9786071201829 | ||
| 035 | _a12095 | ||
| 040 | _cCHAP | ||
| 082 | 0 | 4 |
_a863 _bM35 |
| 100 | 0 | 0 |
_aMárquez Sánchez, Fidel. _976354 |
| 245 | 1 | 4 | _aLos propósitos de Pedro Martinel |
| 260 |
_aChapingo, Méx. : _bUACH, _c2011 |
||
| 300 | _a213 p. | ||
| 590 |
_aBATCH-UPD _b10 _c20130110 _lUCH01 _h1240 |
||
| 590 |
_aBATCH-UPD _b10 _c20130410 _lUCH01 _h0806 |
||
| 590 |
_aBATCH-UPD _b10 _c20130914 _lUCH01 _h1726 |
||
| 590 |
_aCONVERSION _b10 _c20130109 _lUCH01 _h1307 |
||
| 650 | 0 | 4 |
_aLiteratura. _967113 |
| 650 | 0 | 4 |
_aNovela mexicana. _982025 |
| 901 | _aBK | ||
| 942 | _cLIBRO | ||
| 949 |
_a863 M35 _bBC _cLIBRO _d33724002321306 _eLIBRO _h116654 _i12095 _sb |
||
| 999 |
_c10947 _d10947 |
||